000 01426cam a2200325 a 4500
999 _c328642
_d328642
001 13617524
003 Nust
005 20170412163144.0
008 040607s2004 nyu d 000 1 eng
010 _a 2004013318
020 _a9780747576082
040 _aDLC
_cDLC
_dDLC
042 _alcac
050 0 0 _aPZ7.V94
_bYr 2004
082 0 0 _a813.6
_bZIE
100 1 _aVon Ziegesar, Cecily.
245 1 0 _aYou're the one that I want :
_ba Gossip Girl novel /
_cCecily Von Ziegesar.
246 3 _aYou are the one that I want
250 _a1st ed.
260 _aNew York :
_bLittle, Brown and Co.
_c2004.
300 _a227 p. ;
_c21 cm.
520 _aAfter an agonizing wait for college acceptance letters, Blair, Serena, Nate, and their classmates at elite Manhattan prep schools discover that their college choice depends a lot on relationships--old and new.
650 1 _aCollege choice
_vFiction.
650 1 _aInterpersonal relations
_vFiction.
650 1 _aHigh schools
_vFiction.
650 1 _aSchools
_vFiction.
651 1 _aNew York (N.Y.)
_vFiction.
856 4 2 _3Contributor biographical information
_uhttp://www.loc.gov/catdir/enhancements/fy0742/2004013318-b.html
906 _a7
_bcbc
_corignew
_d1
_eecip
_f20
_gy-gencatlg
942 _2ddc
_cBK